000 00723nam a2200217Ii 4500
003 JO-AjNU
008 230605s9999||||xx |||||||||||||| ||und||
017 _a2014/5/2060
040 _aJO-AjNU
_bara
_erda
_cJO-AjNU
041 _aara
050 1 4 _aPJ7864 2014
100 3 _aطمليه، أحمد,
_eauthor
_956760
245 0 0 _aذروة المشهد
264 3 1 _aعمان: وزارة الثقافة، 2014
300 _a238ص
336 _atext
_btxt
_2rdacontent
337 _aunmediated
_bn
_2rdamedia
338 _avolume
_bnc
_2rdacarrier
490 0 _aمكتبة الاسرة ومهرجان القراءة للجميع، 2014
650 4 _aالاردن - الادب العربي - مقالات نقدية
_956761
999 _aA25396
_c28964
_d28964